00800nam a22002055i 450000100060000000300090000600500170001500700030003200800410003508000190007610000290009524501400012426000630026430000350032770000300036270000380039285200220043099900170045295201250046948742ES-MaACL20230906161817.0t|950728s1858 fr ||||1| fre d a821.111-31"18"1 aDickens, Charles.94448910aBleak house / cpar Ch. Dickens ; roman anglais traduit [par H. Loreau] avec l'autorisation de l'auteur sous la direction de P. Lorain. aParis : bL. Hachette et Cie, c1858 (fCh. Lahure et Cie) a1 v. ( 404, 383 p.) ; c18 cm.1 aLoreau, Henriette.9740861 aLorain, Paul (d1799-1861)9740614 aES-MaACLjF-11051 c48742d48742 001040708LIBXIXaATENEOMbATENEOMcSPP2d2008-01-17eSCl0oF-11051p1051295r2023-02-23 00:00:00w2023-02-23yMONANT